[Event "Wroclaw"]
[Site "?"]
[Date "2020.08.25"]
[Round "8.10"]
[White "Dixa, Oskar"]
[Black "Sanz Wawer, Daniel"]
[Result "0-1"]
[BlackElo "2220"]
[WhiteElo "1671"]
[LiveChessVersion "1.4.8"]

1. d4 {[%clk 0:15:13]} Nf6 {[%clk 0:15:19]} 2. c4 {[%clk 0:15:23]} e6
{[%clk 0:15:28]} 3. Nf3 {[%clk 0:15:32]} b6 {[%clk 0:15:38]} 4. g3
{[%clk 0:15:39]} Bb7 {[%clk 0:15:47]} 5. Bg2 {[%clk 0:15:48]} Be7
{[%clk 0:15:56]} 6. O-O {[%clk 0:15:57]} O-O {[%clk 0:16:02]} 7. Nc3
{[%clk 0:16:06]} Ne4 {[%clk 0:16:04]} 8. Qc2 {[%clk 0:15:44]} Nxc3
{[%clk 0:16:06]} 9. bxc3 {[%clk 0:15:44]} f5 {[%clk 0:16:02]} 10. Rd1
{[%clk 0:15:34]} d6 {[%clk 0:15:50]} 11. c5 {[%clk 0:13:49]} Be4 {[%clk 0:12:25]}
12. Qb3 {[%clk 0:13:46]} Bd5 {[%clk 0:12:33]} 13. c4 {[%clk 0:13:43]} Be4
{[%clk 0:12:42]} 14. cxd6 {[%clk 0:13:27]} cxd6 {[%clk 0:12:50]} 15. Bb2
{[%clk 0:12:56]} Nc6 {[%clk 0:12:39]} 16. Rac1 {[%clk 0:12:22]} Rc8
{[%clk 0:12:46]} 17. Ne1 {[%clk 0:11:52]} Na5 {[%clk 0:12:34]} 18. Qa4
{[%clk 0:11:48]} Qe8 {[%clk 0:12:17]} 19. Qb4 {[%clk 0:10:46]} d5
{[%clk 0:08:36]} 20. c5 {[%clk 0:10:56]} Nc4 {[%clk 0:07:59]} 21. f3
{[%clk 0:03:07]} bxc5 {[%clk 0:08:07]} 22. Qc3 {[%clk 0:03:16]} cxd4
{[%clk 0:08:09]} 23. Rxd4 {[%clk 0:03:25]} Bf6 {[%clk 0:06:21]} 24. e3
{[%clk 0:02:34]} Nxb2 {[%clk 0:04:34]} 25. Qxb2 {[%clk 0:02:42]} Rxc1
{[%clk 0:04:04]} 26. Qxc1 {[%clk 0:02:51]} Bxd4 {[%clk 0:04:11]} 27. exd4
{[%clk 0:03:00]} Qa4 {[%clk 0:03:44]} 28. Qd2 {[%clk 0:03:09]} Bb1
{[%clk 0:03:41]} 0-1

[Event "Wroclaw"]
[Site "?"]
[Date "2020.08.25"]
[Round "8.11"]
[White "Wierzbicki, Michal"]
[Black "Golenia, Wojciech"]
[Result "1/2-1/2"]
[BlackElo "1988"]
[WhiteElo "1700"]
[LiveChessVersion "1.4.8"]

1. d4 {[%clk 0:15:19]} Nf6 {[%clk 0:15:09]} 2. Nf3 {[%clk 0:15:28]} d6
{[%clk 0:15:17]} 3. c4 {[%clk 0:15:24]} Nbd7 {[%clk 0:15:25]} 4. Nc3
{[%clk 0:15:28]} e5 {[%clk 0:15:34]} 5. dxe5 {[%clk 0:15:05]} dxe5
{[%clk 0:15:36]} 6. Bg5 {[%clk 0:15:08]} Be7 {[%clk 0:15:05]} 7. Qc2
{[%clk 0:15:08]} c6 {[%clk 0:14:23]} 8. a3 {[%clk 0:14:46]} a5 {[%clk 0:12:30]}
9. Rb1 {[%clk 0:13:09]} h6 {[%clk 0:09:17]} 10. Bh4 {[%clk 0:13:11]} O-O
{[%clk 0:09:13]} 11. e3 {[%clk 0:13:11]} Re8 {[%clk 0:07:43]} 12. Be2
{[%clk 0:13:05]} Qc7 {[%clk 0:07:27]} 13. O-O {[%clk 0:12:55]} Nf8
{[%clk 0:06:32]} 14. Bg3 {[%clk 0:12:26]} Bd6 {[%clk 0:06:16]} 15. Nd2
{[%clk 0:12:18]} Bg4 {[%clk 0:04:05]} 16. Bxg4 {[%clk 0:11:45]} Nxg4
{[%clk 0:04:14]} 17. b4 {[%clk 0:11:45]} axb4 {[%clk 0:03:44]} 18. axb4
{[%clk 0:11:54]} Ng6 {[%clk 0:03:07]} 19. c5 {[%clk 0:11:45]} Bf8
{[%clk 0:03:07]} 20. h3 {[%clk 0:11:13]} Nf6 {[%clk 0:03:11]} 21. Nc4
{[%clk 0:10:58]} Rad8 {[%clk 0:02:41]} 22. Rfd1 {[%clk 0:10:57]} Qc8
{[%clk 0:02:02]} 23. Na5 {[%clk 0:08:46]} Nd5 {[%clk 0:01:40]} 24. Nc4
{[%clk 0:06:13]} f5 {[%clk 0:01:32]} 25. Nxd5 {[%clk 0:06:00]} cxd5
{[%clk 0:01:37]} 26. Nb6 {[%clk 0:06:09]} Qe6 {[%clk 0:01:36]} 27. Qb3
{[%clk 0:05:45]} Ne7 {[%clk 0:00:53]} 28. f3 {[%clk 0:05:34]} g5 {[%clk 0:00:58]}
29. e4 {[%clk 0:05:34]} g4 {[%clk 0:00:26]} 30. exd5 {[%clk 0:04:18]} Qf7
{[%clk 0:00:36]} 31. hxg4 {[%clk 0:03:17]} fxg4 {[%clk 0:00:25]} 32. fxg4
{[%clk 0:03:12]} Bg7 {[%clk 0:00:29]} 33. Rf1 {[%clk 0:03:01]} Qg6
{[%clk 0:00:27]} 34. d6+ {[%clk 0:03:09]} Kh8 {[%clk 0:00:34]} 35. dxe7
{[%clk 0:02:34]} Rxe7 36. Rbd1 {[%clk 0:01:54]} Rxd1 {[%clk 0:00:52]} 37. Rxd1
{[%clk 0:02:01]} Qxg4 {[%clk 0:00:42]} 38. Rd8+ {[%clk 0:02:02]} Kh7
{[%clk 0:00:49]} 39. Qg8+ {[%clk 0:01:39]} Kg6 {[%clk 0:00:59]} 40. Rd6+
{[%clk 0:01:42]} Kh5 {[%clk 0:00:57]} 41. Nd5 {[%clk 0:01:11]} Qxg3
{[%clk 0:00:50]} 42. Nf6+ {[%clk 0:00:31]} Kh4 {[%clk 0:00:53]} 43. Qc4+
{[%clk 0:00:33]} e4 {[%clk 0:00:55]} 44. Qe2 {[%clk 0:00:25]} Bxf6
{[%clk 0:00:35]} 45. Rxf6 {[%clk 0:00:34]} Kg5 {[%clk 0:00:41]} 46. Rf8
{[%clk 0:00:35]} Qe5 {[%clk 0:00:18]} 47. Qe3+ {[%clk 0:00:33]} Kg6
{[%clk 0:00:23]} 48. Rf4 {[%clk 0:00:12]} Qa1+ {[%clk 0:00:15]} 49. Kh2
{[%clk 0:00:21]} Qe5 {[%clk 0:00:20]} 50. Qg3+ {[%clk 0:00:13]} Kh7
{[%clk 0:00:28]} 51. Rf7+ {[%clk 0:00:20]} Kh8 {[%clk 0:00:13]} 52. Rf8+ Kh7 53.
Rf7+ {[%clk 0:00:16]} Kh8 {[%clk 0:00:32]} 54. Rf8+ {[%clk 0:00:25]} Kh7 55. Rf7+
Kh8 {[%clk 0:00:51]} 56. Rf8+ {[%clk 0:00:17]} Kh7 {[%clk 0:01:00]} 57. Rf7+
{[%clk 0:00:17]} Kh8 1/2-1/2

[Event "Wroclaw"]
[Site "?"]
[Date "2020.08.25"]
[Round "9.1"]
[White "Teclaf, Pawel"]
[Black "Fus, Jakub"]
[Result "1/2-1/2"]
[BlackElo "2191"]
[WhiteElo "2382"]
[LiveChessVersion "1.4.8"]

1. Nf3 {[%clk 0:15:17]} d5 {[%clk 0:15:15]} 2. e3 {[%clk 0:15:26]} Nf6
{[%clk 0:15:21]} 3. c4 {[%clk 0:15:36]} e6 4. Nc3 {[%clk 0:15:44]} b6
{[%clk 0:15:26]} 5. b3 {[%clk 0:15:53]} Bb7 {[%clk 0:15:35]} 6. Bb2
{[%clk 0:16:00]} Nbd7 {[%clk 0:15:51]} 7. Be2 {[%clk 0:16:00]} a6
{[%clk 0:15:51]} 8. O-O {[%clk 0:16:07]} Bd6 {[%clk 0:16:06]} 9. Rc1
{[%clk 0:15:55]} O-O {[%clk 0:16:13]} 10. d4 {[%clk 0:16:09]} Qe7 11. Qc2
{[%clk 0:15:58]} Rac8 {[%clk 0:15:16]} 12. Qb1 {[%clk 0:16:00]} Ne4
{[%clk 0:14:53]} 13. Nxe4 {[%clk 0:16:00]} dxe4 {[%clk 0:14:53]} 14. Nd2
{[%clk 0:16:08]} f5 {[%clk 0:14:03]} 15. f4 {[%clk 0:15:30]} exf3
{[%clk 0:12:45]} 16. Bxf3 {[%clk 0:15:39]} Qh4 {[%clk 0:12:37]} 17. h3
{[%clk 0:15:42]} Bxf3 {[%clk 0:12:37]} 18. Nxf3 {[%clk 0:15:42]} Qh6
{[%clk 0:12:36]} 19. Qd3 {[%clk 0:15:27]} Nf6 {[%clk 0:12:36]} 20. c5 Bg3
{[%clk 0:12:40]} 21. cxb6 {[%clk 0:14:23]} cxb6 {[%clk 0:12:49]} 22. Rxc8
{[%clk 0:12:45]} Rxc8 {[%clk 0:10:13]} 23. Rc1 {[%clk 0:11:40]} Rd8 24. Bc3
{[%clk 0:11:35]} Ne4 {[%clk 0:10:05]} 25. Be1 {[%clk 0:11:17]} Bb8
{[%clk 0:06:37]} 26. Rc6 {[%clk 0:11:12]} b5 {[%clk 0:06:33]} 27. Qe2
{[%clk 0:10:03]} Bd6 {[%clk 0:06:36]} 28. Rxa6 {[%clk 0:09:47]} Rc8
{[%clk 0:05:11]} 29. Nd2 Rc2 30. Ra8+ {[%clk 0:09:02]} Kf7 {[%clk 0:05:07]} 31.
Ra7+ {[%clk 0:08:37]} Kg6 {[%clk 0:04:31]} 32. h4 {[%clk 0:06:27]} Rxd2
{[%clk 0:03:46]} 33. h5+ {[%clk 0:05:38]} Kf6 34. Bxd2 Qg5 {[%clk 0:00:19]} 35.
Rb7 Bg3 {[%clk 0:00:19]} 36. Bb4 Bd6 {[%clk 0:00:19]} 37. Bd2 1/2-1/2

[Event "Wroclaw"]
[Site "?"]
[Date "2020.08.25"]
[Round "9.2"]
[White "Kokoszczynski, Jan"]
[Black "Godzwon, Iwo"]
[Result "1/2-1/2"]
[BlackElo "2278"]
[WhiteElo "2013"]
[LiveChessVersion "1.4.8"]

1. d4 {[%clk 0:15:19]} Nf6 {[%clk 0:15:19]} 2. c4 {[%clk 0:15:29]} e6
{[%clk 0:15:29]} 3. Nf3 {[%clk 0:15:38]} Bb4+ {[%clk 0:15:33]} 4. Nbd2
{[%clk 0:15:44]} d5 {[%clk 0:15:30]} 5. g3 dxc4 {[%clk 0:13:54]} 6. Bg2
{[%clk 0:15:19]} O-O {[%clk 0:13:53]} 7. O-O {[%clk 0:15:13]} c3 {[%clk 0:13:01]}
8. bxc3 {[%clk 0:13:26]} Bxc3 {[%clk 0:13:09]} 9. Rb1 {[%clk 0:13:35]} Nc6
{[%clk 0:12:34]} 10. e3 {[%clk 0:12:58]} e5 {[%clk 0:12:30]} 11. dxe5
{[%clk 0:12:51]} Nxe5 {[%clk 0:12:16]} 12. Nxe5 {[%clk 0:12:55]} Bxe5
{[%clk 0:12:25]} 13. Nc4 {[%clk 0:13:04]} Bd6 {[%clk 0:11:41]} 14. Nxd6
{[%clk 0:11:37]} cxd6 {[%clk 0:11:08]} 15. Ba3 {[%clk 0:11:36]} Bf5
{[%clk 0:08:28]} 16. Rxb7 {[%clk 0:10:51]} Be4 {[%clk 0:08:37]} 17. Bxe4
{[%clk 0:10:23]} Nxe4 {[%clk 0:08:46]} 18. Qd5 {[%clk 0:10:28]} Ng5
{[%clk 0:07:23]} 19. Bxd6 {[%clk 0:08:42]} Re8 {[%clk 0:06:57]} 20. Rd1
{[%clk 0:08:23]} Qf6 {[%clk 0:07:00]} 21. Bf4 {[%clk 0:07:04]} Ne4
{[%clk 0:07:07]} 22. Qd4 {[%clk 0:03:03]} 1/2-1/2

[Event "Wroclaw"]
[Site "?"]
[Date "2020.08.25"]
[Round "9.3"]
[White "Golenia, Jan"]
[Black "Lis, Mateusz"]
[Result "1-0"]
[BlackElo "1973"]
[WhiteElo "2033"]
[LiveChessVersion "1.4.8"]

1. c4 {[%clk 0:15:18]} e5 {[%clk 0:15:18]} 2. Nc3 {[%clk 0:15:26]} Nc6
{[%clk 0:15:27]} 3. g3 {[%clk 0:15:35]} g6 {[%clk 0:15:36]} 4. Bg2
{[%clk 0:15:44]} Bg7 {[%clk 0:15:45]} 5. Nf3 {[%clk 0:15:37]} d6 {[%clk 0:15:52]}
6. d3 {[%clk 0:15:46]} f5 {[%clk 0:16:01]} 7. O-O {[%clk 0:15:54]} Nf6
{[%clk 0:16:10]} 8. Rb1 {[%clk 0:16:00]} O-O {[%clk 0:16:16]} 9. b4
{[%clk 0:16:09]} Nh5 {[%clk 0:16:22]} 10. Bg5 {[%clk 0:15:15]} Qe8
{[%clk 0:12:21]} 11. Nd5 {[%clk 0:15:13]} Qf7 {[%clk 0:12:30]} 12. b5
{[%clk 0:15:16]} Nd8 {[%clk 0:09:03]} 13. Be7 {[%clk 0:15:24]} Ne6 14. Bxf8
{[%clk 0:15:17]} Qxf8 {[%clk 0:08:31]} 15. e3 {[%clk 0:14:19]} a6
{[%clk 0:08:08]} 16. a4 {[%clk 0:13:53]} f4 {[%clk 0:08:02]} 17. exf4
{[%clk 0:13:03]} exf4 {[%clk 0:08:05]} 18. d4 {[%clk 0:12:41]} Qf7
{[%clk 0:07:53]} 19. Re1 {[%clk 0:12:12]} h6 {[%clk 0:07:50]} 20. Qd3
{[%clk 0:11:20]} g5 {[%clk 0:06:52]} 21. g4 {[%clk 0:10:38]} Nf6 {[%clk 0:06:46]}
22. Nxf6+ {[%clk 0:10:22]} Qxf6 {[%clk 0:06:54]} 23. d5 {[%clk 0:09:45]} Nc5
{[%clk 0:05:50]} 24. Re8+ {[%clk 0:09:53]} Kf7 25. Qe2 {[%clk 0:10:01]} axb5
{[%clk 0:05:58]} 26. axb5 {[%clk 0:09:51]} Nd3 {[%clk 0:05:32]} 27. Rxc8
{[%clk 0:09:22]} Rxc8 {[%clk 0:05:24]} 28. Qxd3 {[%clk 0:09:31]} Re8
{[%clk 0:05:06]} 29. b6 {[%clk 0:08:21]} cxb6 {[%clk 0:04:52]} 30. Rxb6
{[%clk 0:08:23]} Re7 {[%clk 0:05:01]} 31. Qb1 {[%clk 0:07:47]} Qc3
{[%clk 0:02:49]} 32. Rxb7 {[%clk 0:07:27]} Qxc4 {[%clk 0:02:51]} 33. Qf5+
{[%clk 0:07:29]} 1-0

[Event "Wroclaw"]
[Site "?"]
[Date "2020.08.25"]
[Round "9.5"]
[White "Szpar, Milosz"]
[Black "Psyk, Radoslaw"]
[Result "1-0"]
[BlackElo "2236"]
[WhiteElo "2262"]
[LiveChessVersion "1.4.8"]

1. c4 e5 2. g3 f5 3. Bg2 Nf6 4. Nc3 d6 5. d4 Be7 6. b3 c6 7. Bb2 O-O 8. Qd2 Na6
9. d5 c5 10. Nh3 Nc7 11. f4 e4 12. a4 Ng4 13. e3 Bd7 14. Nf2 Nxf2 15. Kxf2 b6 16.
Bf1 Rb8 17. Be2 a6 18. Ra2 Bf6 19. Rg1 Qe7 20. g4 fxg4 21. Bxg4 Bxg4 22. Rxg4 b5
23. cxb5 axb5 24. a5 Na6 25. f5 Nb4 26. Rxe4 Be5 27. Ra1 Rxf5+ 28. Kg1 Bxc3 29.
Rxe7 Bxd2 30. Rxg7+ Kf8 31. Rxh7 Na6 32. e4 Rf7 33. Rf1 Rxf1+ 34. Kxf1 Bxa5 35.
Ra7 Rb6 36. Bf6 Bd2 37. Bd8 Rb8 38. Be7+ Kg8 39. Bxd6 Rc8 40. Rxa6 c4 41. bxc4
bxc4 42. Rc6 Rd8 43. e5 c3 44. Ke2 Kf7 45. e6+ Kf6 46. e7 Re8 47. Ba3+ Ke5 48. d6
Ke6 49. Rc7 Bf4 50. d7 Rxe7 51. Bxe7 Kxe7 52. Rxc3 Kxd7 53. h4 Ke6 54. Rf3 Kf5
55. h5 Kg4 56. Rxf4+ 1-0

[Event "Wroclaw"]
[Site "?"]
[Date "2020.08.25"]
[Round "9.6"]
[White "Sanz Wawer, Daniel"]
[Black "Galuszka, Tomasz"]
[Result "1/2-1/2"]
[BlackElo "1854"]
[WhiteElo "2220"]
[LiveChessVersion "1.4.8"]

1. d4 {[%clk 0:15:18]} d5 {[%clk 0:15:19]} 2. c4 {[%clk 0:15:26]} c6
{[%clk 0:15:28]} 3. Nf3 {[%clk 0:15:34]} Nf6 {[%clk 0:15:37]} 4. Nbd2
{[%clk 0:15:43]} e6 {[%clk 0:15:33]} 5. e3 {[%clk 0:15:51]} Nbd7 {[%clk 0:15:42]}
6. Bd3 {[%clk 0:16:00]} Be7 {[%clk 0:15:51]} 7. O-O {[%clk 0:16:08]} O-O
{[%clk 0:15:59]} 8. e4 {[%clk 0:16:17]} dxe4 {[%clk 0:15:46]} 9. Nxe4
{[%clk 0:16:25]} Nxe4 {[%clk 0:15:48]} 10. Bxe4 {[%clk 0:16:34]} h6
{[%clk 0:15:38]} 11. b3 {[%clk 0:16:36]} c5 {[%clk 0:15:35]} 12. Bb2
{[%clk 0:16:44]} Bf6 {[%clk 0:15:38]} 13. Qe2 {[%clk 0:16:23]} cxd4
{[%clk 0:14:51]} 14. Bxd4 {[%clk 0:15:41]} Bxd4 {[%clk 0:12:54]} 15. Nxd4
{[%clk 0:15:49]} a6 {[%clk 0:13:03]} 16. Rad1 {[%clk 0:15:18]} Qc7
{[%clk 0:13:03]} 17. Bb1 {[%clk 0:15:10]} Nf6 {[%clk 0:12:46]} 18. Nf3
{[%clk 0:14:29]} Bd7 {[%clk 0:12:44]} 19. Qe5 {[%clk 0:14:38]} Rfc8
{[%clk 0:11:21]} 20. Rd2 {[%clk 0:14:30]} Qxe5 {[%clk 0:11:16]} 21. Nxe5
{[%clk 0:14:38]} Be8 {[%clk 0:11:25]} 22. Rfd1 {[%clk 0:14:27]} Kf8
{[%clk 0:11:27]} 23. f3 {[%clk 0:13:12]} Ke7 {[%clk 0:11:29]} 24. Kf2
{[%clk 0:13:21]} Rd8 {[%clk 0:11:22]} 25. Ke3 {[%clk 0:12:00]} Rxd2
{[%clk 0:11:27]} 26. Rxd2 {[%clk 0:12:08]} Rd8 {[%clk 0:11:20]} 27. Rxd8
{[%clk 0:09:14]} 1/2-1/2

[Event "Wroclaw"]
[Site "?"]
[Date "2020.08.25"]
[Round "9.7"]
[White "Pytel, Maciej"]
[Black "Nowak, Mikolaj"]
[Result "1-0"]
[BlackElo "2200"]
[WhiteElo "1862"]
[LiveChessVersion "1.4.8"]

1. e4 {[%clk 0:15:18]} e5 {[%clk 0:15:19]} 2. f4 {[%clk 0:15:22]} exf4
{[%clk 0:15:09]} 3. Nf3 {[%clk 0:15:30]} Nf6 {[%clk 0:14:41]} 4. Nc3
{[%clk 0:15:22]} d5 {[%clk 0:14:16]} 5. exd5 {[%clk 0:15:19]} Nxd5
{[%clk 0:14:17]} 6. Nxd5 {[%clk 0:15:07]} Qxd5 {[%clk 0:14:24]} 7. d4
{[%clk 0:15:11]} Nc6 {[%clk 0:13:53]} 8. c3 {[%clk 0:15:19]} Bg4 {[%clk 0:13:13]}
9. Be2 {[%clk 0:15:27]} O-O-O {[%clk 0:11:11]} 10. Bxf4 {[%clk 0:13:08]} Qe4
{[%clk 0:08:22]} 11. Qd2 {[%clk 0:12:31]} Re8 {[%clk 0:06:56]} 12. Kf2
{[%clk 0:12:29]} Bd6 {[%clk 0:06:17]} 13. Bxd6 {[%clk 0:12:17]} cxd6
{[%clk 0:06:25]} 14. Rhe1 {[%clk 0:11:59]} Qg6 {[%clk 0:05:35]} 15. h3
{[%clk 0:09:00]} Bd7 {[%clk 0:05:13]} 16. Bd3 {[%clk 0:08:58]} f5
{[%clk 0:04:51]} 17. Qg5 {[%clk 0:08:53]} Qf7 {[%clk 0:04:56]} 18. Qf4
{[%clk 0:08:46]} Qf6 {[%clk 0:04:42]} 19. Qg5 {[%clk 0:08:55]} Qf7
{[%clk 0:03:24]} 20. Qf4 {[%clk 0:08:48]} Kc7 {[%clk 0:02:17]} 21. b4
{[%clk 0:06:32]} h6 {[%clk 0:02:04]} 22. h4 {[%clk 0:06:41]} Ne7 {[%clk 0:01:36]}
23. c4 g5 {[%clk 0:01:20]} 24. hxg5 {[%clk 0:06:39]} Ng6 {[%clk 0:01:28]} 25. Qd2
{[%clk 0:06:11]} f4 {[%clk 0:01:12]} 26. c5 {[%clk 0:05:37]} hxg5
{[%clk 0:01:05]} 27. cxd6+ Kb8 {[%clk 0:01:12]} 28. Rxe8+ {[%clk 0:04:42]} Rxe8
{[%clk 0:01:12]} 29. Qc2 {[%clk 0:04:41]} Rc8 {[%clk 0:00:54]} 30. Qb1
{[%clk 0:04:39]} Nf8 {[%clk 0:00:36]} 31. Qb3 {[%clk 0:03:53]} Be6
{[%clk 0:00:39]} 32. Qd1 {[%clk 0:03:44]} g4 {[%clk 0:00:28]} 33. Ne5
{[%clk 0:03:37]} Qh5 {[%clk 0:00:34]} 34. Be4 {[%clk 0:02:52]} Nd7
{[%clk 0:00:27]} 35. Rc1 {[%clk 0:02:23]} Rf8 {[%clk 0:00:15]} 36. Rc7
{[%clk 0:01:55]} g3+ {[%clk 0:00:24]} 37. Ke1 {[%clk 0:02:01]} Qh1+ 38. Kd2 1-0

[Event "Wroclaw"]
[Site "?"]
[Date "2020.08.25"]
[Round "9.8"]
[White "Musial, Tomasz"]
[Black "Jagura Norbert"]
[Result "1/2-1/2"]
[BlackElo "1600"]
[WhiteElo "1958"]
[LiveChessVersion "1.4.8"]

1. d4 {[%clk 0:15:19]} d5 {[%clk 0:15:18]} 2. c4 {[%clk 0:15:27]} e6
{[%clk 0:15:23]} 3. Nf3 {[%clk 0:15:36]} Nf6 {[%clk 0:15:30]} 4. g3
{[%clk 0:15:44]} b6 {[%clk 0:15:21]} 5. Bg2 {[%clk 0:15:40]} Bb7 {[%clk 0:15:24]}
6. cxd5 {[%clk 0:15:48]} exd5 {[%clk 0:14:44]} 7. O-O {[%clk 0:15:54]} Nbd7
{[%clk 0:14:52]} 8. Nc3 {[%clk 0:15:51]} Be7 {[%clk 0:14:19]} 9. Bf4
{[%clk 0:15:37]} c6 {[%clk 0:12:23]} 10. Ne5 {[%clk 0:14:35]} O-O
{[%clk 0:11:49]} 11. e4 {[%clk 0:13:09]} dxe4 {[%clk 0:10:50]} 12. Nxe4
{[%clk 0:13:08]} Nd5 {[%clk 0:09:25]} 13. Bd2 {[%clk 0:12:43]} f6
{[%clk 0:07:22]} 14. Nxd7 {[%clk 0:12:17]} Qxd7 {[%clk 0:07:28]} 15. Nc3
{[%clk 0:11:30]} Nxc3 {[%clk 0:06:42]} 16. bxc3 {[%clk 0:11:29]} c5
{[%clk 0:04:40]} 17. Be3 {[%clk 0:07:44]} Bxg2 {[%clk 0:04:21]} 18. Kxg2
{[%clk 0:07:52]} cxd4 {[%clk 0:03:57]} 19. cxd4 {[%clk 0:07:22]} Rad8
{[%clk 0:01:33]} 20. Qb3+ {[%clk 0:06:19]} Qd5+ {[%clk 0:01:30]} 21. Qxd5+
{[%clk 0:06:22]} Rxd5 {[%clk 0:01:39]} 22. Rfc1 {[%clk 0:06:30]} Rd7
{[%clk 0:01:27]} 23. a4 {[%clk 0:05:41]} Rfd8 {[%clk 0:00:48]} 24. Rab1
{[%clk 0:05:00]} f5 {[%clk 0:00:50]} 25. Rb5 {[%clk 0:04:41]} Bf6
{[%clk 0:00:43]} 26. Rxf5 1/2-1/2

[Event "Wroclaw"]
[Site "?"]
[Date "2020.08.25"]
[Round "9.9"]
[White "Golenia, Wojciech"]
[Black "Radecki, Adam"]
[Result "1-0"]
[BlackElo "1769"]
[WhiteElo "1988"]
[LiveChessVersion "1.4.8"]

1. d4 {[%clk 0:15:18]} Nf6 {[%clk 0:15:19]} 2. Bf4 {[%clk 0:15:27]} g6
{[%clk 0:15:27]} 3. Nc3 {[%clk 0:15:36]} d5 {[%clk 0:15:36]} 4. e3
{[%clk 0:15:44]} Bg7 {[%clk 0:15:45]} 5. h4 {[%clk 0:15:53]} h5 {[%clk 0:15:51]}
6. Nb5 {[%clk 0:15:57]} Na6 {[%clk 0:15:48]} 7. Nf3 {[%clk 0:15:58]} c6
{[%clk 0:15:56]} 8. Nc3 {[%clk 0:16:07]} Nc7 {[%clk 0:16:04]} 9. Be2
{[%clk 0:15:01]} O-O {[%clk 0:16:12]} 10. Qd2 {[%clk 0:12:19]} Bf5
{[%clk 0:16:00]} 11. Be5 {[%clk 0:11:21]} b5 {[%clk 0:15:17]} 12. a4
{[%clk 0:10:52]} b4 {[%clk 0:15:04]} 13. Na2 {[%clk 0:10:58]} a5 {[%clk 0:15:12]}
14. Bd3 {[%clk 0:10:17]} Ne4 {[%clk 0:15:09]} 15. Bxe4 {[%clk 0:10:08]} dxe4
{[%clk 0:15:16]} 16. Bxg7 {[%clk 0:09:58]} Kxg7 {[%clk 0:15:21]} 17. Ne5
{[%clk 0:08:55]} Be6 {[%clk 0:13:25]} 18. O-O {[%clk 0:06:05]} f6
{[%clk 0:12:46]} 19. Nxc6 {[%clk 0:06:00]} Qd5 {[%clk 0:12:31]} 20. Nxe7
{[%clk 0:06:02]} Qd6 {[%clk 0:12:25]} 21. d5 {[%clk 0:05:26]} Bd7
{[%clk 0:12:34]} 22. Qd4 {[%clk 0:03:59]} Rfe8 {[%clk 0:12:25]} 23. Nc6
{[%clk 0:03:30]} Nxd5 {[%clk 0:12:22]} 24. Na7 {[%clk 0:01:55]} Qb6
{[%clk 0:09:43]} 25. Qxd5 {[%clk 0:01:15]} Rxa7 {[%clk 0:09:52]} 26. Nc1
{[%clk 0:01:14]} Bc6 {[%clk 0:09:53]} 27. Qd4 {[%clk 0:01:19]} Qa6
{[%clk 0:09:43]} 28. Nb3 {[%clk 0:01:19]} Rd7 {[%clk 0:09:14]} 29. Nc5
{[%clk 0:01:14]} Rxd4 {[%clk 0:09:21]} 30. Nxa6 {[%clk 0:01:21]} Rd2
{[%clk 0:09:30]} 31. Rfc1 {[%clk 0:00:33]} Rc8 {[%clk 0:09:26]} 32. c3
{[%clk 0:00:12]} Rxb2 {[%clk 0:09:15]} 33. cxb4 {[%clk 0:00:20]} axb4
{[%clk 0:09:23]} 34. Rcb1 {[%clk 0:00:13]} Rxb1+ {[%clk 0:09:22]} 35. Rxb1
{[%clk 0:00:23]} Bxa4 {[%clk 0:09:28]} 36. Rxb4 {[%clk 0:00:23]} Bc6
{[%clk 0:09:29]} 37. Nc5 {[%clk 0:00:29]} f5 {[%clk 0:09:36]} 38. Ne6+
{[%clk 0:00:24]} Kf6 {[%clk 0:09:30]} 39. Nd4 {[%clk 0:00:30]} Ke5
{[%clk 0:09:33]} 40. Rb6 {[%clk 0:00:33]} Kd5 {[%clk 0:09:18]} 41. Kh2
{[%clk 0:00:34]} Be8 {[%clk 0:09:20]} 42. Ne2 {[%clk 0:00:30]} Rc6
{[%clk 0:08:26]} 43. Rxc6 {[%clk 0:00:28]} Kxc6 {[%clk 0:08:33]} 44. Kg3
{[%clk 0:00:34]} Kd6 {[%clk 0:08:38]} 45. Kf4 {[%clk 0:00:42]} Ke6
{[%clk 0:08:39]} 46. Kg5 {[%clk 0:00:48]} Kf7 {[%clk 0:08:47]} 47. Nf4
{[%clk 0:00:46]} Kg7 {[%clk 0:08:51]} 48. Ne6+ {[%clk 0:00:32]} Kf7
{[%clk 0:08:53]} 49. Nf4 {[%clk 0:00:27]} Kg7 {[%clk 0:09:01]} 50. Nd5
{[%clk 0:00:31]} Bf7 {[%clk 0:09:07]} 51. Nf4 {[%clk 0:00:13]} Be8
{[%clk 0:09:14]} 52. Ne2 {[%clk 0:00:20]} Bf7 {[%clk 0:09:05]} 53. Nd4
{[%clk 0:00:18]} Bd5 {[%clk 0:09:07]} 54. Nb5 {[%clk 0:00:20]} Bc6
{[%clk 0:08:31]} 55. Nd6 {[%clk 0:00:21]} Ba4 {[%clk 0:08:23]} 56. Nc4
{[%clk 0:00:25]} Bb5 {[%clk 0:08:22]} 57. Ne5 {[%clk 0:00:17]} Be8
{[%clk 0:08:31]} 58. Nc4 {[%clk 0:00:13]} Bb5 {[%clk 0:08:39]} 59. Ne5
{[%clk 0:00:21]} Be8 {[%clk 0:08:46]} 60. f3 {[%clk 0:00:16]} exf3
{[%clk 0:07:59]} 61. gxf3 {[%clk 0:00:23]} Kh7 {[%clk 0:07:47]} 62. Kf6
{[%clk 0:00:18]} Kh6 {[%clk 0:07:52]} 63. Nd3 {[%clk 0:00:13]} Bc6
{[%clk 0:07:51]} 64. f4 {[%clk 0:00:15]} Bb5 {[%clk 0:07:55]} 65. Ne5
{[%clk 0:00:20]} Be8 {[%clk 0:08:02]} 66. Ke7 {[%clk 0:00:23]} Bb5
{[%clk 0:07:51]} 67. Kf7 {[%clk 0:00:30]} Ba4 {[%clk 0:07:50]} 68. Nxg6
{[%clk 0:00:29]} Bb3+ {[%clk 0:07:55]} 69. Kf6 {[%clk 0:00:35]} Bc2
{[%clk 0:08:04]} 70. Ne7 {[%clk 0:00:38]} Kh7 {[%clk 0:08:06]} 71. Nxf5
{[%clk 0:00:46]} Kg8 {[%clk 0:08:12]} 72. Nd6 {[%clk 0:00:50]} Kf8
{[%clk 0:08:14]} 73. e4 {[%clk 0:00:58]} Kg8 {[%clk 0:08:17]} 74. e5
{[%clk 0:01:07]} Kh7 {[%clk 0:08:22]} 75. e6 {[%clk 0:01:14]} Ba4
{[%clk 0:08:31]} 76. e7 {[%clk 0:01:21]} Kh6 {[%clk 0:08:39]} 77. e8=Q
{[%clk 0:01:26]} Bxe8 {[%clk 0:08:47]} 78. Nxe8 {[%clk 0:01:35]} Kh7
{[%clk 0:08:55]} 79. Ng7 {[%clk 0:01:41]} Kh6 {[%clk 0:09:04]} 80. f5
{[%clk 0:01:47]} Kh7 {[%clk 0:09:13]} 81. Nxh5 {[%clk 0:01:56]} Kh6
{[%clk 0:09:22]} 82. Nf4 {[%clk 0:02:05]} Kh7 {[%clk 0:09:30]} 83. Kg5
{[%clk 0:02:12]} Kh8 {[%clk 0:09:34]} 84. Kg6 {[%clk 0:02:20]} Kg8
{[%clk 0:09:42]} 85. h5 {[%clk 0:02:29]} Kh8 {[%clk 0:09:50]} 86. f6
{[%clk 0:02:35]} 1-0